000 01344nam a2200337 i 4500
001 8133
003 KOSZ 005
005 20191012112912.0
008 080710s1961 pl a f 001 0 pol
015 _aPB 1961/6924
040 _aWA N
_cKOSZ 005/RW
_dKOSZ 005/RW
041 1 _apol
_heng
080 _a539:62
245 0 0 _aWiedza o cząsteczce i inżynieria molekularna /
_cArthur R. Von Hippel [et al.] ; tł. Z. Halka [et al.].
246 1 _iTyt. oryg.:
_aMolecular science and molecular engineering.
260 _aWarszawa :
_bWydawnictwa Naukowo-Techniczne,
_c1961.
300 _a403, [1] s. :
_bil., err. ;
_c30 cm.
380 _aKsiążki.
504 _aBibliogr. przy rozdz. Indeks.
521 8 _aDla fizyków, chemików, inżynierów różnych specjalności oraz dla studentów wyższych lat politechniki i uniwersytetu.
650 4 _aCząsteczka
_xfizyka.
650 4 _aElektryczność
655 4 _aPodręcznik
650 4 _aMateriałoznawstwo
650 4 _aElektromagnetyzm
700 1 _aHalka, Zygmunt
_d(1933-2008).
_eTł.
700 1 _aVon Hippel, Arthur R.
_d(1898-2003).
_eAutor
710 2 _aWydawnictwa Naukowo-Techniczne
_4pbl.
856 _uhttp://koha.tu.koszalin.pl/cgi-bin/koha/opac-detail.pl?biblionumber=8133
_yKatalog online BPK
942 _2UKD
_cKS
999 _c8133
_d8133